000 00208nam a2200097Ia 4500
005 20251222114343.0
008 251222s1900||||xx |||||||||||||| ||spa||
082 _aDVD0170/M22
245 0 _aColateral:
942 _cDVD
999 _c952
_d952